[Event "NAYCC U10"]
[Site "Kingston CAN"]
[Date "2019.08.17"]
[Round "4.28"]
[White "Chen, Vincent"]
[Black "Guo, Edward"]
[Result "0-1"]
[WhiteElo "1368"]
[BlackElo "1666"]
[PlyCount "68"]
[EventDate "2019.08.16"]
[EventType "swiss"]
[EventRounds "9"]
[EventCountry "CAN"]

1. e4 e5 2. Nf3 Nc6 3. d4 exd4 4. Nxd4 d6 5. c4 Nf6 6. Nc3 Be7 7. Be3 O-O 8.
Be2 Bd7 9. f3 Re8 10. Qd2 Nxd4 11. Bxd4 c6 12. Be3 Qc7 13. O-O-O a6 14. g4 Red8
15. g5 Ne8 16. h4 b5 17. h5 b4 18. Nb1 Be6 19. g6 d5 20. gxh7+ Kxh7 21. Bd3
dxc4 22. h6 g6 23. Bf4 Qb7 24. Qg2 cxd3 25. Nd2 Bxa2 26. e5 Qb5 27. Be3 Qxe5
28. Ne4 Nf6 29. Ng5+ Kg8 30. Rde1 Nh7 31. Nxh7 Kxh7 32. Bb6 Bg5+ 33. Qxg5 Qxg5+
34. Kd1 Bb3# 0-1

[Event "NAYCC U10"]
[Site "Kingston CAN"]
[Date "2019.08.17"]
[Round "4.29"]
[White "Soni, Arjun"]
[Black "Ran, Sean"]
[Result "0-1"]
[WhiteElo "1665"]
[BlackElo "1264"]
[PlyCount "152"]
[EventDate "2019.08.16"]
[EventType "swiss"]
[EventRounds "9"]
[EventCountry "CAN"]

1. e4 e5 2. Nf3 Nc6 3. Bc4 Nf6 4. d3 Bc5 5. O-O d6 6. c3 Bg4 7. h3 Bh5 8. Nbd2
Qd7 9. Re1 O-O-O 10. Nf1 Rdg8 11. Ng3 Bb6 12. Nxh5 Nxh5 13. Ng5 g6 14. Bxf7
Bxf2+ 15. Kxf2 Rf8 16. Qg4 Nd8 17. Qxd7+ Kxd7 18. Kg1 Nxf7 19. Nxf7 Rxf7 20. d4
Nf4 21. Bxf4 Rxf4 22. dxe5 dxe5 23. Rad1+ Ke6 24. Re3 Rhf8 25. Re2 c6 26. Red2
R8f7 27. Rd6+ Ke7 28. Rd7+ Kf8 29. Rxf7+ Rxf7 30. Rf1 Rxf1+ 31. Kxf1 Ke7 32.
Ke2 Kd6 33. b3 b5 34. Kf3 h5 35. g4 a5 36. gxh5 gxh5 37. Kg3 b4 38. cxb4 axb4
39. Kh4 Kc5 40. Kxh5 Kd4 41. Kg4 Kxe4 42. h4 Kd3 43. h5 e4 44. h6 e3 45. h7 e2
46. h8=Q e1=Q 47. Qh3+ Qe3 48. Qf1+ Kc2 49. Qc4+ Qc3 50. Qe4+ Kb2 51. Qe2+ Qc2
52. Qa6 Qd1+ 53. Kf4 Qd4+ 54. Kf3 Qd1+ 55. Kg3 Qc2 56. Qa4 c5 57. Kf3 Qb1 58.
Qa5 Qxa2 59. Qxc5 Qxb3+ 60. Kf4 Qf7+ 61. Ke4 Qe6+ 62. Kd3 Qg6+ 63. Kd2 Qg2+ 64.
Kd3 Qg3+ 65. Kd2 Qc3+ 66. Qxc3+ bxc3+ 67. Kd3 c2 68. Ke2 c1=Q 69. Kf2 Qc3 70.
Ke2 Kc2 71. Kf1 Qd2 72. Kg1 Kd3 73. Kf1 Ke3 74. Kg1 Qe2 75. Kh1 Kf3 76. Kg1
Qg2# 0-1

[Event "NAYCC U10"]
[Site "Kingston CAN"]
[Date "2019.08.17"]
[Round "4.30"]
[White "Meister, Xan"]
[Black "Zhang, Brian"]
[Result "1-0"]
[WhiteElo "1353"]
[BlackElo "1526"]
[PlyCount "85"]
[EventDate "2019.08.16"]
[EventType "swiss"]
[EventRounds "9"]
[EventCountry "CAN"]

1. d4 Nf6 2. c4 c5 3. d5 g6 4. Nc3 d6 5. Nf3 Bg7 6. Bg5 O-O 7. e3 e6 8. Be2 a6
9. a4 Qc7 10. Qc2 Ne8 11. O-O e5 12. Rad1 Bg4 13. h3 Bxf3 14. Bxf3 f5 15. Be2
Nd7 16. f4 e4 17. g4 Kh8 18. Rf2 Nef6 19. Rdf1 Rg8 20. Rh2 Raf8 21. Kg2 Rf7 22.
Rfh1 Bf8 23. Qd1 Qb6 24. Qd2 Qc7 25. Qe1 Qb6 26. Nd1 Qb3 27. a5 Qc2 28. Kf1 Bg7
29. h4 fxg4 30. Bxg4 Qd3+ 31. Be2 Qb3 32. Qg3 Qc2 33. Ke1 Qa4 34. h5 Qxa5+ 35.
Kf2 Bf8 36. Qh3 Be7 37. Qe6 Rgg7 38. h6 Ng4+ 39. Bxg4 Bxg5 40. hxg7+ Rxg7 41.
Qe8+ Nf8 42. Qxf8+ Rg8 43. Rxh7# 1-0

[Event "NAYCC U10"]
[Site "Kingston CAN"]
[Date "2019.08.17"]
[Round "4.31"]
[White "Chinni, Rishabh"]
[Black "Wang, Andy Zixin"]
[Result "1-0"]
[WhiteElo "1324"]
[BlackElo "1482"]
[PlyCount "141"]
[EventDate "2019.08.16"]
[EventType "swiss"]
[EventRounds "9"]
[EventCountry "CAN"]

1. e4 e5 2. Nf3 Nc6 3. Bc4 Bc5 4. c3 d6 5. d4 Bb6 6. dxe5 Nxe5 7. Nxe5 dxe5 8.
Bxf7+ Ke7 9. Qxd8+ Kxd8 10. Bg5+ Nf6 11. Nd2 Ke7 12. Bb3 Rf8 13. Nf3 h6 14. Bh4
g5 15. Bg3 Nxe4 16. Bxe5 Bxf2+ 17. Ke2 Bb6 18. a4 a5 19. Bc2 Bf5 20. Bxe4 Bxe4
21. b4 Ke6 22. Bd4 Bxf3+ 23. gxf3 Bxd4 24. cxd4 axb4 25. Rhb1 Rae8 26. Rxb4
Kd6+ 27. Kf2 b6 28. a5 Ra8 29. a6 Ra7 30. Kg3 Rf4 31. Raa4 h5 32. Rb5 h4+ 33.
Kg2 g4 34. fxg4 Rxg4+ 35. Kf3 Rg8 36. Rh5 Rga8 37. Rxh4 Rxa6 38. Rxa6 Rxa6 39.
Ke4 Ra1 40. Rh6+ Kd7 41. h4 Rh1 42. Kd5 Ke7 43. h5 Kd7 44. Rh7+ Kd8 45. h6 Rh2
46. Rh8+ Kd7 47. Rh7+ Kd8 48. Kc6 Rc2+ 49. Kb7 Rh2 50. Rh8+ Ke7 51. h7 Kf7 52.
Rc8 Rxh7 53. Rxc7+ Kg6 54. Rxh7 Kxh7 55. Kxb6 Kg7 56. d5 Kf7 57. d6 Ke8 58. Kc6
Kd8 59. d7 Ke7 60. Kc7 Ke6 61. d8=Q Ke5 62. Qd3 Kf4 63. Kd6 Kg4 64. Qe3 Kf5 65.
Qe5+ Kg4 66. Qf6 Kh5 67. Qg7 Kh4 68. Ke5 Kh3 69. Kf4 Kh2 70. Kf3 Kh1 71. Qg2#
1-0

[Event "NAYCC U10"]
[Site "Kingston CAN"]
[Date "2019.08.17"]
[Round "4.32"]
[White "Zhang, Kevin"]
[Black "Reyes, Isaac"]
[Result "0-1"]
[WhiteElo "1185"]
[BlackElo "1451"]
[PlyCount "58"]
[EventDate "2019.08.16"]
[EventType "swiss"]
[EventRounds "9"]
[EventCountry "CAN"]

1. d4 d5 2. c4 e6 3. Nc3 Nf6 4. Bg5 Nbd7 5. cxd5 exd5 6. Nxd5 Nxd5 7. Nf3 f6 8.
e4 Bb4+ 9. Bd2 Bxd2+ 10. Qxd2 Qe7 11. Qe2 Nf4 12. Qe3 Ng6 13. Bc4 b5 14. Bxb5
Qb4+ 15. Qc3 Qxb5 16. O-O-O Bb7 17. Rhe1 O-O 18. g4 c5 19. h4 Rac8 20. Kb1 Rfe8
21. h5 Nh8 22. g5 Rxe4 23. Rxe4 Bxe4+ 24. Ka1 Qe2 25. Qb3+ c4 26. Qa4 Bxf3 27.
Rc1 Qd2 28. Rb1 Qxd4 29. Qa3 Be4 0-1

[Event "NAYCC U10"]
[Site "Kingston CAN"]
[Date "2019.08.17"]
[Round "4.33"]
[White "Velasquez, Noah"]
[Black "Jiang, Barron Jiyu"]
[Result "1-0"]
[WhiteElo "1039"]
[BlackElo "1421"]
[PlyCount "119"]
[EventDate "2019.08.16"]
[EventType "swiss"]
[EventRounds "9"]
[EventCountry "CAN"]

1. e4 c5 2. Nf3 d6 3. d4 cxd4 4. Nxd4 Nf6 5. Nc3 a6 6. Be2 e5 7. Nb3 Be6 8. Bg5
Be7 9. Bxf6 Bxf6 10. Nd5 Bg5 11. Qd3 O-O 12. O-O Kh8 13. Rad1 f5 14. Nc3 Be7
15. Kh1 fxe4 16. Nxe4 d5 17. Nec5 e4 18. Qd4 Bf7 19. Bg4 Nc6 20. Qe3 Bxc5 21.
Nxc5 Qe7 22. Nb3 Rfe8 23. Nd4 Ne5 24. Be2 Rac8 25. c3 Rc7 26. Nf5 Qf6 27. Nd4
Rb8 28. Qg3 b5 29. Nc2 a5 30. Ne3 Qe6 31. Nxd5 Rc5 32. Ne3 Qxa2 33. Ng4 Re8 34.
Nxe5 Rcxe5 35. Qf4 a4 36. Rd2 Bg8 37. Qe3 Rc8 38. Qf4 Rd5 39. Rxd5 Qxd5 40. Rd1
Qb3 41. Qc1 h6 42. g3 b4 43. c4 Bxc4 44. Bxc4 Qxc4 45. Rd8+ Rxd8 46. Qxc4 a3
47. bxa3 bxa3 48. Qa2 Rd3 49. Kg2 Kh7 50. Qc2 Kg6 51. f3 Kf5 52. Qc5+ Ke6 53.
Qc6+ Kf7 54. fxe4 g5 55. Qc4+ Kg6 56. Qxd3 a2 57. Qa6+ Kh5 58. Qxa2 Kg4 59. h3+
Kh5 60. Qf7# 1-0

[Event "NAYCC U10"]
[Site "Kingston CAN"]
[Date "2019.08.17"]
[Round "4.34"]
[White "Luan, Jacky"]
[Black "Yang, Andersen"]
[Result "0-1"]
[WhiteElo "594"]
[BlackElo "1400"]
[PlyCount "88"]
[EventDate "2019.08.16"]
[EventType "swiss"]
[EventRounds "9"]
[EventCountry "CAN"]

1. d4 d5 2. Nc3 Nf6 3. Nf3 e6 4. Bg5 Nbd7 5. Ne5 c6 6. e4 dxe4 7. Nxe4 Nxe5 8.
dxe5 Qa5+ 9. Nc3 Qxe5+ 10. Be3 Bb4 11. Qd4 Qxd4 12. Bxd4 Nd5 13. Bxg7 Rg8 14.
Be5 f6 15. a3 Ba5 16. b4 fxe5 17. Nxd5 exd5 18. bxa5 Bf5 19. c4 dxc4 20. Bxc4
Rxg2 21. Ra2 Rg4 22. Be2 Rd4 23. Rg1 Bg6 24. Bh5 Rad8 25. Bxg6+ hxg6 26. Rxg6
Kf7 27. Rg5 Kf6 28. h4 Rxh4 29. Rg3 Ra4 30. Rb2 Rd7 31. Rf3+ Ke6 32. Re2 Rad4
33. Kf1 Kd5 34. Rf5 Rd1+ 35. Kg2 Rg7+ 36. Kf3 Rd3+ 37. Re3 Rxe3+ 38. fxe3 Rg1
39. e4+ Kd4 40. Kf2 Rg4 41. Rf7 Rf4+ 42. Rxf4 exf4 43. Kf3 Ke5 44. a4 c5 0-1

[Event "NAYCC U10"]
[Site "Kingston CAN"]
[Date "2019.08.17"]
[Round "4.35"]
[White "Darvekar, Yash"]
[Black "Mane, Arnav"]
[Result "1-0"]
[WhiteElo "1505"]
[BlackElo "1168"]
[PlyCount "47"]
[EventDate "2019.08.16"]
[EventType "swiss"]
[EventRounds "9"]
[EventCountry "CAN"]

1. e4 c5 2. Nf3 d6 3. c3 Nf6 4. Be2 Nc6 5. d4 e6 6. O-O Be7 7. Bd3 O-O 8. h3 h6
9. Be3 a6 10. a4 Rb8 11. Qe2 cxd4 12. cxd4 Nb4 13. Nc3 Nxd3 14. Qxd3 Bd7 15. a5
Bc6 16. d5 exd5 17. exd5 Nxd5 18. Nxd5 Bb5 19. Qe4 Bxf1 20. Nxe7+ Kh8 21. Rxf1
Re8 22. Ng5 hxg5 23. Bxg5 f6 24. Qh4# 1-0

[Event "NAYCC U10"]
[Site "Kingston CAN"]
[Date "2019.08.17"]
[Round "4.36"]
[White "Liu, Lucas"]
[Black "Yao, Henry"]
[Result "1/2-1/2"]
[WhiteElo "1401"]
[BlackElo "1405"]
[PlyCount "68"]
[EventDate "2019.08.16"]
[EventType "swiss"]
[EventRounds "9"]
[EventCountry "CAN"]

1. d4 d5 2. c4 e6 3. Nc3 Nf6 4. Nf3 Be7 5. Bg5 O-O 6. e3 b6 7. cxd5 exd5 8. Rc1
Bb7 9. Bd3 Ne4 10. Bxe7 Qxe7 11. O-O Nd7 12. Qc2 f5 13. Nd2 Kh8 14. Rce1 Qf6
15. f3 Nd6 16. Nb3 Qh6 17. Nb5 Nxb5 18. Bxb5 c6 19. Bd3 g6 20. e4 fxe4 21. fxe4
Nf6 22. e5 Ng4 23. Rxf8+ Rxf8 24. h3 Nf2 25. Rf1 Nxd3 26. Rxf8+ Qxf8 27. Qxd3
Qe7 28. Qe3 Bc8 29. Qc3 Bb7 30. a4 Qc7 31. a5 Bc8 32. Qb4 Kg7 33. axb6 axb6 34.
Qc3 Be6 1/2-1/2

[Event "NAYCC U10"]
[Site "Kingston CAN"]
[Date "2019.08.17"]
[Round "4.37"]
[White "Huang, Winston"]
[Black "Qian, Eric"]
[Result "0-1"]
[WhiteElo "1220"]
[BlackElo "1152"]
[PlyCount "78"]
[EventDate "2019.08.16"]
[EventType "swiss"]
[EventRounds "9"]
[EventCountry "CAN"]

1. d4 d5 2. c4 e6 3. Nc3 Nf6 4. Bg5 Nbd7 5. Nf3 c6 6. e3 Qa5 7. Bd3 Ne4 8. Qc2
Nxg5 9. Nxg5 dxc4 10. Bxc4 Qxg5 11. O-O Bb4 12. Bd3 Nb6 13. a3 Bxc3 14. bxc3
Nd5 15. c4 Nf6 16. e4 e5 17. dxe5 Qxe5 18. f4 Qh5 19. Be2 Bg4 20. Bd3 Qc5+ 21.
Kh1 Bd7 22. a4 h6 23. Rab1 b6 24. Rbe1 O-O 25. Rf3 Rfe8 26. Rg3 Nh5 27. Rf3 Bg4
28. Rff1 Rad8 29. e5 Qd4 30. Be2 Bxe2 31. Qxe2 Nxf4 32. Qf3 Nd3 33. Qxf7+ Kh8
34. Rb1 Rf8 35. Qh5 Rxf1+ 36. Rxf1 Nf2+ 37. Kg1 Nh3+ 38. Kh1 Qg1+ 39. Rxg1 Nf2#
0-1

[Event "NAYCC U10"]
[Site "Kingston CAN"]
[Date "2019.08.17"]
[Round "4.38"]
[White "Zuo, Roger"]
[Black "Shi, Michael"]
[Result "1/2-1/2"]
[WhiteElo "1034"]
[BlackElo "1795"]
[PlyCount "117"]
[EventDate "2019.08.16"]
[EventType "swiss"]
[EventRounds "9"]
[EventCountry "CAN"]

1. e4 e5 2. Nf3 Nc6 3. Bc4 Bc5 4. Nc3 Nf6 5. h3 d6 6. d3 Be6 7. Bb3 Qd7 8. Be3
Bb6 9. d4 exd4 10. Nxd4 Nxd4 11. Bxd4 Bxd4 12. Qxd4 O-O 13. Qe3 Rfe8 14. O-O
Bxb3 15. axb3 a6 16. Rad1 Rad8 17. Rfe1 h6 18. Qf3 Qc6 19. Rd2 Re5 20. Rde2
Rde8 21. Nd5 Nxe4 22. Rxe4 Qxd5 23. Rxe5 Rxe5 24. Qxd5 Rxd5 25. Re7 Rc5 26. c3
Kf8 27. Re4 Rd5 28. Re2 Re5 29. Rd2 g5 30. g4 a5 31. c4 Ke7 32. Kg2 Ke6 33. Kf3
c5 34. Rd1 d5 35. Rh1 Kf6 36. h4 Kg7 37. hxg5 hxg5 38. Rh5 f6 39. Rh1 d4 40.
Ra1 d3 41. Rd1 Re2 42. Rxd3 Rxb2 43. Rd7+ Kg6 44. Rxb7 a4 45. Ra7 axb3 46. Rc7
Rb1 47. Rxc5 Kf7 48. Rb5 Ke6 49. Ke2 Kd6 50. Kd2 b2 51. Kc3 Rc1+ 52. Kxb2 Rxc4
53. Rf5 Ke6 54. f3 Kf7 55. Kb3 Rc8 56. Kb4 Kg6 57. Kb3 Rc1 58. Kb4 Rc2 59. Kb3
1/2-1/2

[Event "NAYCC U10"]
[Site "Kingston CAN"]
[Date "2019.08.17"]
[Round "4.39"]
[White "Ho, Jasper"]
[Black "Luo, Albert"]
[Result "1-0"]
[WhiteElo "1730"]
[BlackElo "960"]
[PlyCount "115"]
[EventDate "2019.08.16"]
[EventType "swiss"]
[EventRounds "9"]
[EventCountry "CAN"]

1. e4 e5 2. Nf3 Nc6 3. Bb5 a6 4. Ba4 b5 5. Bb3 Na5 6. Nxe5 Nxb3 7. axb3 Qe7 8.
d4 d6 9. Nf3 Qxe4+ 10. Qe2 Qxe2+ 11. Kxe2 Bf5 12. Re1 O-O-O 13. Kd1 Kb7 14. Nc3
g6 15. Be3 Bh6 16. d5 Bxe3 17. Rxe3 Nf6 18. Re7 b4 19. Rxf7 Ng4 20. Ne2 Nxf2+
21. Ke1 Ng4 22. Nfd4 Rdf8 23. Rxf8 Rxf8 24. Nc6 Nxh2 25. Nxb4 Bd3 26. Kd2 Bxe2
27. Kxe2 Ra8 28. Ke3 Ng4+ 29. Kf4 Nf6 30. Kg5 Rf8 31. Rxa6 Nxd5 32. Ra4 Rf4 33.
Nxd5 Rf5+ 34. Kh6 Rxd5 35. Kxh7 Rd2 36. c3 Rxg2 37. Rb4+ Kc8 38. Kg7 g5 39. Kf6
g4 40. Kf5 Rxb2 41. Kxg4 c5 42. Rb5 c4 43. bxc4 Rxb5 44. cxb5 Kb7 45. Kf5 Kb6
46. c4 Kc5 47. Ke6 Kxc4 48. b6 d5 49. b7 d4 50. b8=Q d3 51. Qb1 Kc3 52. Qd1 d2
53. Ke5 Kd3 54. Kd5 Ke3 55. Kc4 Ke4 56. Qxd2 Kf5 57. Qd5+ Kg6 58. Kd4 1-0

[Event "NAYCC U10"]
[Site "Kingston CAN"]
[Date "2019.08.17"]
[Round "4.40"]
[White "Kurup, Siddharth"]
[Black "Qiu, Max"]
[Result "1-0"]
[WhiteElo "1434"]
[BlackElo "888"]
[PlyCount "139"]
[EventDate "2019.08.16"]
[EventType "swiss"]
[EventRounds "9"]
[EventCountry "CAN"]

1. d4 d5 2. Bf4 Bf5 3. e3 e6 4. a3 Nd7 5. c4 Ngf6 6. Nc3 c6 7. Qb3 Be7 8. Qxb7
Qc8 9. Qb3 Nh5 10. Bg3 Nxg3 11. fxg3 Rb8 12. Qa2 Bc2 13. b4 Bf5 14. Nf3 O-O 15.
Be2 a6 16. O-O Ra8 17. Rac1 a5 18. bxa5 Rxa5 19. a4 Nb6 20. cxd5 Nxd5 21. Nxd5
exd5 22. Ne5 Qe6 23. Rxc6 Bd6 24. Bf3 h6 25. Bxd5 Rxd5 26. Rxf5 Qxf5 27. Qxd5
Qb1+ 28. Kf2 Bb4 29. Qc4 Qe1+ 30. Kf3 Bd2 31. Qe2 Qxe2+ 32. Kxe2 Bb4 33. Rc4
Ba5 34. Nc6 Bc7 35. Ne7+ Kh7 36. Rxc7 Rb8 37. Rc2 Ra8 38. Ra2 Ra7 39. Nc6 Rc7
40. a5 Rxc6 41. a6 Rc8 42. a7 Ra8 43. Kd3 Kg6 44. Kc4 Kf6 45. Kc5 Ke6 46. Kc6
Ke7 47. Kb7 Rd8 48. a8=Q Rxa8 49. Rxa8 Ke6 50. Ra5 f5 51. d5+ Kd6 52. Kb6 g6
53. Ra6 Kxd5 54. Kb5 Ke4 55. Rxg6 Kxe3 56. Rxh6 Kf2 57. Rf6 Kxg2 58. Rxf5 Kh3
59. Kc4 Kg4 60. Rf4+ Kh3 61. Kd3 Kg2 62. h4 Kxg3 63. Re4 Kf3 64. h5 Kg3 65. h6
Kf3 66. h7 Kg3 67. h8=Q Kf3 68. Qh3+ Kf2 69. Re2+ Kg1 70. Qg2# 1-0

[Event "NAYCC U10"]
[Site "Kingston CAN"]
[Date "2019.08.17"]
[Round "4.41"]
[White "Garcia, Maximiliano"]
[Black "Huang, Ryan"]
[Result "1-0"]
[WhiteElo "1391"]
[BlackElo "773"]
[PlyCount "63"]
[EventDate "2019.08.16"]
[EventType "swiss"]
[EventRounds "9"]
[EventCountry "CAN"]

1. d4 d5 2. Bf4 Nc6 3. e3 Nf6 4. Nf3 g6 5. Nbd2 Bg7 6. Be2 O-O 7. h3 Bf5 8. c3
Ne4 9. Bd3 Qd7 10. O-O Nxd2 11. Qxd2 Bxd3 12. Qxd3 Qf5 13. Qxf5 gxf5 14. Bxc7
Rac8 15. Bf4 Na5 16. Nh4 e6 17. Nf3 Nc4 18. Rab1 h5 19. Rfd1 Rce8 20. b3 Nb6
21. Bd6 Rc8 22. Bxf8 Bxf8 23. Rbc1 Ba3 24. Rc2 Na4 25. bxa4 Rc4 26. Rb1 b6 27.
Ne5 Rxa4 28. c4 f6 29. Nd3 dxc4 30. Nb2 b5 31. Nxa4 bxa4 32. Rxc4 1-0

[Event "NAYCC U10"]
[Site "Kingston CAN"]
[Date "2019.08.17"]
[Round "4.42"]
[White "Wang, Leo"]
[Black "Georgescu-Nicolau, Luca"]
[Result "1-0"]
[WhiteElo "1040"]
[BlackElo "1337"]
[PlyCount "63"]
[EventDate "2019.08.16"]
[EventType "swiss"]
[EventRounds "9"]
[EventCountry "CAN"]

1. c4 c5 2. Nc3 Nc6 3. g3 Nf6 4. Bg2 g6 5. e3 Bg7 6. Nge2 d6 7. O-O O-O 8. d4
Rb8 9. Qb3 Na5 10. Qa3 Nxc4 11. Qxa7 Bd7 12. dxc5 dxc5 13. Qxc5 Rc8 14. Qb4 Bc6
15. Bxc6 Rxc6 16. Qxb7 Na5 17. Qb4 Rc4 18. Qa3 Nd7 19. b4 Nb7 20. Qb3 Qc8 21.
Bb2 Qc6 22. f3 Ne5 23. Kg2 g5 24. e4 Nd3 25. Nd5 Qb5 26. Nxe7+ Kh8 27. Bxg7+
Kxg7 28. Qxd3 Qxb4 29. Nf5+ Kg6 30. Rab1 Qc5 31. Rxb7 Qc6 32. Ne7+ 1-0

[Event "NAYCC U10"]
[Site "Kingston CAN"]
[Date "2019.08.17"]
[Round "4.43"]
[White "Liu, Henry"]
[Black "Cacciatore, Luc"]
[Result "1-0"]
[WhiteElo "797"]
[BlackElo "1298"]
[PlyCount "127"]
[EventDate "2019.08.16"]
[EventType "swiss"]
[EventRounds "9"]
[EventCountry "CAN"]

1. e4 e5 2. f4 exf4 3. Nf3 d5 4. exd5 Nf6 5. d4 Nxd5 6. Nc3 Nxc3 7. bxc3 Bf5 8.
Bxf4 Nd7 9. Bd3 Bg4 10. O-O Nf6 11. Re1+ Be7 12. h3 Bh5 13. Qe2 Nd5 14. Bd2
Bxf3 15. Qxf3 O-O 16. Bc4 Nf6 17. Qg3 Nh5 18. Qg4 Nf6 19. Qe2 Re8 20. Bg5 h6
21. Bxf6 Bxf6 22. Qxe8+ Qxe8 23. Rxe8+ Rxe8 24. Rb1 b6 25. Bb5 Re3 26. Rb3 Bh4
27. c4 Bg3 28. Rxe3 Bf4 29. Rf3 Bg5 30. c5 bxc5 31. dxc5 Kh7 32. Rxf7 Kg6 33.
Rxc7 Be3+ 34. Kf1 Kf6 35. Rxa7 Bxc5 36. Ra6+ Ke7 37. Rc6 Bd6 38. a4 Bb8 39. Rb6
Bc7 40. Rb7 Kd6 41. c4 Ba5 42. Rxg7 Bc3 43. Rg6+ Kc5 44. Rxh6 Ba5 45. g4 Bd2
46. g5 Kb4 47. Rh5 Ka5 48. g6 Bc3 49. Rh7 Kb6 50. g7 Bxg7 51. Rxg7 Ka5 52. c5
Kb4 53. c6 Kc5 54. a5 Kb4 55. a6 Kc5 56. a7 Kb4 57. a8=Q Kb3 58. Rg3+ Kb4 59.
Qa4+ Kc5 60. Qc4+ Kb6 61. c7 Ka7 62. c8=R Kb6 63. Rb8+ Ka7 64. Qc7# 1-0

[Event "NAYCC U10"]
[Site "Kingston CAN"]
[Date "2019.08.17"]
[Round "4.44"]
[White "Zhang, Daniel"]
[Black "Odrcich, Eric"]
[Result "1-0"]
[WhiteElo "1267"]
[BlackElo "564"]
[PlyCount "41"]
[EventDate "2019.08.16"]
[EventType "swiss"]
[EventRounds "9"]
[EventCountry "CAN"]

1. e4 e6 2. d4 d5 3. Nc3 Nf6 4. e5 Ne4 5. Nxe4 dxe4 6. Be3 Nc6 7. Bc4 f6 8. f4
f5 9. c3 Be7 10. Qh5+ g6 11. Qh6 Bf8 12. Qh3 Na5 13. Be2 Be7 14. Bf2 Qd5 15.
Bh4 Bxh4+ 16. Qxh4 Nb3 17. axb3 Qxb3 18. Bh5 Qxb2 19. Bxg6+ Kf8 20. Qf6+ Kg8
21. Qf7# 1-0

[Event "NAYCC U10"]
[Site "Kingston CAN"]
[Date "2019.08.17"]
[Round "4.45"]
[White "Villegas, Howard"]
[Black "Liang, Leon"]
[Result "0-1"]
[WhiteElo "724"]
[BlackElo "1198"]
[PlyCount "112"]
[EventDate "2019.08.16"]
[EventType "swiss"]
[EventRounds "9"]
[EventCountry "CAN"]

1. e4 c5 2. Nf3 d6 3. Nc3 Nc6 4. Bb5 Nf6 5. d4 cxd4 6. Nxd4 Bd7 7. Nxc6 Bxc6 8.
Bxc6+ bxc6 9. O-O g6 10. h3 Bg7 11. Qe2 O-O 12. Be3 c5 13. Rad1 Qb6 14. b3 Nd7
15. Nd5 Qd8 16. Qd2 Nb6 17. Nxb6 axb6 18. c4 Qc7 19. Bh6 Rfe8 20. Bxg7 Kxg7 21.
Qc3+ e5 22. a4 Rad8 23. f4 h5 24. f5 Qc6 25. f6+ Kh7 26. Qd3 Re6 27. Qd5 Rc8
28. Qd3 Rd8 29. g4 hxg4 30. hxg4 Rh8 31. Kg2 Kg8 32. Rh1 Rxh1 33. Rxh1 Rxf6 34.
g5 Rf4 35. Qd5 Qxd5 36. exd5 Rg4+ 37. Kf3 Rxg5 38. Rb1 Rf5+ 39. Kg4 Rf4+ 40.
Kg3 f5 41. b4 Rxc4 42. bxc5 bxc5 43. Rb8+ Kf7 44. a5 Ra4 45. Rb6 Ke7 46. a6 f4+
47. Kf3 Kd7 48. Kg4 c4 49. Rb8 Rxa6 50. Rb4 Ra5 51. Rxc4 Rxd5 52. Kg5 Rd4 53.
Rc1 f3 54. Kxg6 f2 55. Rf1 Rf4 56. Kg5 Ke6 0-1

[Event "NAYCC U10"]
[Site "Kingston CAN"]
[Date "2019.08.17"]
[Round "4.46"]
[White "Jin, Harold"]
[Black "Beechener, Alexander"]
[Result "1-0"]
[WhiteElo "1188"]
[BlackElo "497"]
[PlyCount "41"]
[EventDate "2019.08.16"]
[EventType "swiss"]
[EventRounds "9"]
[EventCountry "CAN"]

1. e4 Nc6 2. Nf3 a5 3. d4 d5 4. Nc3 dxe4 5. Nxe4 Bg4 6. Bc4 Nxd4 7. Qxd4 Bxf3
8. Qxd8+ Rxd8 9. gxf3 Rd4 10. Bd3 f5 11. Ng3 e6 12. Bd2 Rd5 13. Bc4 Re5+ 14.
Kf1 f4 15. Bxf4 Rc5 16. Bxe6 Rxc2 17. Rc1 Rxb2 18. Rxc7 Rb1+ 19. Kg2 Rb4 20.
Bg5 Rb5 21. Rc8# 1-0

[Event "NAYCC U10"]
[Site "Kingston CAN"]
[Date "2019.08.17"]
[Round "4.47"]
[White "Chen, Ricky"]
[Black "Huang, Ivan"]
[Result "1-0"]
[WhiteElo "954"]
[BlackElo "1138"]
[PlyCount "89"]
[EventDate "2019.08.16"]
[EventType "swiss"]
[EventRounds "9"]
[EventCountry "CAN"]

1. e4 e6 2. d4 d5 3. e5 c5 4. c3 Nc6 5. Nf3 Qb6 6. Nbd2 cxd4 7. Nxd4 Nxd4 8.
cxd4 Qxd4 9. Bb5+ Bd7 10. Bxd7+ Kxd7 11. Nf3 Qe4+ 12. Qe2 Qb4+ 13. Qd2 Qb6 14.
O-O Ne7 15. Qd4 Qc7 16. Bd2 Nc6 17. Qa4 Qb6 18. Rab1 Rc8 19. b4 a6 20. Be3 Qc7
21. Rfc1 Ke8 22. b5 axb5 23. Qxb5 Rb8 24. Nd4 Rc8 25. Qxb7 Qxb7 26. Rxb7 Ne7
27. Rxe7+ Kxe7 28. Rxc8 Kd7 29. Ra8 g6 30. a4 Bg7 31. Rxh8 Bxh8 32. Nb5 Bxe5
33. a5 Kc8 34. a6 Kb8 35. f4 Bc7 36. a7+ Kb7 37. Nxc7 Kxc7 38. a8=Q Kd7 39. Qf8
f5 40. Bc5 Kc6 41. Qd6+ Kb5 42. Qb6+ Kc4 43. Qb4+ Kd3 44. Qb3+ Ke4 45. Qe3# 1-0

[Event "NAYCC U10"]
[Site "Kingston CAN"]
[Date "2019.08.17"]
[Round "4.48"]
[White "Komolafe, Joshua"]
[Black "White, Max"]
[Result "0-1"]
[WhiteElo "1050"]
[BlackElo "1063"]
[PlyCount "24"]
[EventDate "2019.08.16"]
[EventType "swiss"]
[EventRounds "9"]
[EventCountry "CAN"]

1. e4 e5 2. Nf3 Nc6 3. Bc4 Bc5 4. O-O Nf6 5. Nc3 O-O 6. b3 d6 7. Bb2 Bg4 8. Re1
Bxf3 9. gxf3 Nh5 10. Kf1 Qh4 11. Qe2 Qxh2 12. b4 Qh1# 0-1

[Event "NAYCC U10"]
[Site "Kingston CAN"]
[Date "2019.08.17"]
[Round "4.49"]
[White "Murali, Dhruv"]
[Black "Hanchell, Lheerin"]
[Result "1-0"]
[WhiteElo "972"]
[BlackElo "1050"]
[PlyCount "67"]
[EventDate "2019.08.16"]
[EventType "swiss"]
[EventRounds "9"]
[EventCountry "CAN"]

1. d4 d5 2. c4 Bf5 3. Nc3 c6 4. Nf3 Nf6 5. Bf4 Na6 6. e3 e6 7. Qb3 Bb4 8. c5
Bxc3+ 9. bxc3 O-O 10. Qxb7 Qa5 11. Rc1 Qa3 12. e4 Bxe4 13. Qxa6 Qxa6 14. Bxa6
Bxf3 15. gxf3 Nh5 16. Be5 h6 17. Bb7 Rab8 18. Bxb8 Nf6 19. Be5 Rd8 20. Rg1 g6
21. Bxf6 Rb8 22. Bxc6 Rb2 23. Kf1 a5 24. Kg2 Rxa2 25. Kh1 a4 26. Ra1 Rxf2 27.
Bxa4 g5 28. c6 Rb2 29. Rgb1 Rf2 30. c7 Rxf3 31. c8=Q+ Kh7 32. Bc2+ Rf5 33. Qf8
e5 34. Qg7# 1-0

[Event "NAYCC U10"]
[Site "Kingston CAN"]
[Date "2019.08.18"]
[Round "5.22"]
[White "Lin, Leo"]
[Black "Yang, Jingyun (Ryan)"]
[Result "1/2-1/2"]
[WhiteElo "1772"]
[BlackElo "1875"]
[PlyCount "106"]
[EventDate "2019.08.16"]
[EventType "swiss"]
[EventRounds "9"]
[EventCountry "CAN"]

1. Nf3 d5 2. c4 e6 3. d4 Nf6 4. Nc3 c6 5. Bg5 Be7 6. e3 h6 7. Bh4 Nbd7 8. Qc2
O-O 9. Be2 Re8 10. O-O Bd6 11. Rad1 Qc7 12. c5 Be7 13. Bg3 Qd8 14. b4 Nh5 15.
Be5 Nhf6 16. b5 Nxe5 17. Nxe5 Qc7 18. bxc6 bxc6 19. Qa4 Bxc5 20. Qxc6 Qxc6 21.
Nxc6 Bb6 22. Ne5 Nd7 23. Bb5 Rd8 24. Nc6 Re8 25. e4 Nf6 26. exd5 exd5 27. Nb4
Rd8 28. Nbxd5 Nxd5 29. Nxd5 Be6 30. Nxb6 axb6 31. a4 Bb3 32. Rd3 Bxa4 33. Bxa4
Rxa4 34. d5 Ra7 35. Rfd1 Rad7 36. f4 f5 37. Kf2 Kf7 38. Ke3 Ke7 39. h3 h5 40.
Kf3 h4 41. Re3+ Kf6 42. Re6+ Kf7 43. Re5 g6 44. Ke3 Rd6 45. Kd4 Ra8 46. Rc1
Ra4+ 47. Ke3 Ra3+ 48. Ke2 Ra2+ 49. Kf1 Rd2 50. Rc7+ Kf6 51. Ree7 R6xd5 52. Rf7+
Ke6 53. Rfd7 Kf6 1/2-1/2

[Event "NAYCC U10"]
[Site "Kingston CAN"]
[Date "2019.08.18"]
[Round "5.23"]
[White "Chamadia, Avaan"]
[Black "Wang, Alexander"]
[Result "1-0"]
[WhiteElo "1362"]
[BlackElo "1487"]
[PlyCount "75"]
[EventDate "2019.08.16"]
[EventType "swiss"]
[EventRounds "9"]
[EventCountry "CAN"]

1. e4 c5 2. Nf3 d6 3. d4 cxd4 4. Nxd4 Nf6 5. Nc3 g6 6. Be3 Bg7 7. f3 O-O 8. Qd2
Nc6 9. g4 Ne5 10. h4 h5 11. gxh5 Nxh5 12. O-O-O Bd7 13. Rg1 Rc8 14. Bh6 Rc5 15.
Bxg7 Kxg7 16. Be2 Rh8 17. f4 Nc4 18. Bxc4 Rxc4 19. f5 e6 20. fxg6 fxg6 21. e5
d5 22. Rg4 Qe7 23. Rdg1 Rh6 24. Qg2 Be8 25. Nxd5 Qd7 26. Nf6 Nxf6 27. exf6+
Kxf6 28. Qf1+ Kg7 29. Qxc4 Bf7 30. Qc3 Kg8 31. Nf3 Qd5 32. Rd4 Qxa2 33. Rd8+
Be8 34. Rxe8+ Kf7 35. Rd8 e5 36. Qc7+ Kf6 37. Qxe5+ Kf7 38. Ng5# 1-0